پر د ہ (Record no. 146871)
[ view plain ]
| 000 -LEADER | |
|---|---|
| fixed length control field | 00916nam a22002177a 4500 |
| 005 - DATE AND TIME OF LATEST TRANSACTION | |
| control field | 20171128162153.0 |
| 010 ## - LCCN (DPL NO) | |
| LC control number | UR-9843 |
| 020 6# - INTERNATIONAL STANDARD BOOK NUMBER | |
| Terms of availability | 95.00 |
| 035 ## - SYSTEM CONTROL NUMBER | |
| System control number | U-8398 |
| 037 ## - SOURCE OF ACQUISITION | |
| Source of stock number/acquisition | DBAD/PUB |
| 082 ## - DEWEY DECIMAL CLASSIFICATION NUMBER | |
| Classification number | 270 |
| 100 ## - MAIN ENTRY--PERSONAL NAME | |
| Personal name | مو لا نا سید ا بو ا لا علی مو د و د ی |
| 245 ## - TITLE STATEMENT | |
| Title | پر د ہ |
| Statement of responsibility, etc | مو لا نا سید ا بو ا لا علی مو د و د ی |
| 246 ## - VARYING FORM OF TITLE | |
| Remainder of title | |
| Title proper/short title | Purdah |
| 250 ## - EDITION STATEMENT | |
| Edition statement | by Moulana Sayyid Abul A,la Maudoodi |
| 260 ## - PUBLICATION, DISTRIBUTION, ETC. (IMPRINT) | |
| Place of publication, distribution, etc | نئی د لی |
| Name of publisher, distributor, etc | Merkazi Maktaba Islami Publishers |
| Date of publication, distribution, etc | 2014 |
| 270 ## - ADDRESS | |
| Address | D307,Dawat Nagar,Abul Fazal Enclave,Jamia Nagar , |
| City | New Delhi |
| Postal code | 110025 |
| Telephone number | 01126971652 |
| Fax number | - |
| 300 ## - PHYSICAL DESCRIPTION | |
| Extent | 256ص |
| Dimensions | 22 Cm.(B.b) |
| 500 ## - GENERAL NOTE | |
| General note | دو حصہ |
| 942 ## - ADDED ENTRY ELEMENTS (KOHA) | |
| Source of classification or shelving scheme | Dewey Decimal Classification |
| Item type | Urdu Bks |
| Classification part | 270 |
| Call number suffix | ا ب و |
| Edition | |
| Withdrawn status | Lost status | Not for loan | Collection code | Home library | Current library | Date acquired | Source of acquisition | Cost, normal purchase price | Full call number | Barcode | Copy number | Cost, replacement price | Koha item type |
|---|---|---|---|---|---|---|---|---|---|---|---|---|---|
| Not For Loan | Non-fiction | D.B.Act.Division | D.B.Act.Division | 26/10/2017 | DBAD/PUB. | 95.00 | 270 ا ب و | U-8398 | 1 | 95.00 | Urdu Bks |
